00555nam a2200205 a 4500001001300000003000900013005001700022008004100039020002300080082001700103100001900120245004200139260003300181300000900214500003500223505001000258650001200268650003500280650003400315nice12345678IN_TiNIC20260116013149.0050524s1955 newa grp 000 0 eng  a0883441 c73500a261.836bBOF aBoff, Leonardo aEcology and Liberationb New Paradigm aNew YorkbOrbis Books c1955 a187p aincludes index and biblioraphy2 aIndex aEcology aHuman Ecology and Christianity aLiberation-Theology & Ecology